|
|
|
|
| LEADER |
00000nab a2200000 a 4500 |
| 001 |
vtls000323753 |
| 003 |
SK-MaSNL |
| 005 |
20260304175255.0 |
| 008 |
250424c1988 xo 0 slo |
| 015 |
|
|
|a SNBRB19rr/mm-uuuuu
|
| 035 |
|
|
|a CL0323875
|
| 035 |
|
|
|a (urnnbn)urn:nbn:sk:snk:ar-006nqb
|
| 035 |
|
|
|a (uuid)f4424672-ce61-4184-9613-ed06c29f3c2c
|
| 035 |
|
|
|a urn:nbn:sk:snk-ab86r8
|
| 040 |
|
|
|a SNKBUCL
|b slo
|c SNKBUCL
|e AACR2
|
| 041 |
0 |
|
|a eng
|
| 044 |
|
|
|a xo
|c SK
|
| 080 |
|
|
|a 616.379-008.64
|2 1981
|
| 100 |
1 |
|
|a Klimeš, Iwar,
|d 1951-2022
|4 aut
|9 132193
|
| 245 |
1 |
4 |
|a The Polyol Paradigm and complications of diabetes
|c I. Klimeš
|
| 500 |
|
|
|a Rec.:
|
| 650 |
0 |
7 |
|a diabetes mellitus
|2 snkbucl
|9 72741
|
| 655 |
|
7 |
|a články z novín a časopisov
|2 snkbucl
|9 267496
|
| 700 |
1 |
|
|a The Polyol Paradigm and complications of diabetes.
|4 aut
|9 1507502
|
| 773 |
0 |
|
|t Endocrinologia experimentalis
|g Roč. 22, č. 1 (1988), s. 67-68
|
| 787 |
0 |
8 |
|i Rec.:
|a The Polyol Paradigm and complications of diabetes.
|t New York-Berlin-Heidelberg-London-Paris-Tokyo
|d Springer Verlag 1987.
|
| 850 |
|
|
|a Slovenská národná knižnica
|
| 852 |
|
|
|a Slovenská národná knižnica
|
| 958 |
|
|
|a article9
|
| 958 |
|
|
|a RK
|
| 958 |
|
|
|a MI
|
| 958 |
|
|
|a OND
|
| 958 |
|
|
|a EUIPO
|
| 992 |
|
|
|a RBX
|
| 999 |
|
|
|c 3012821
|d 3014751
|